| 000 | 01361cam a2200361 a 4500 | ||
|---|---|---|---|
| 001 | 2924 | ||
| 003 | FISKH | ||
| 005 | 20240123154419.0 | ||
| 008 | 951206s1997 nyua j 001 0beng | ||
| 010 | _a 95052353 | ||
| 020 | _a0395775167 | ||
| 020 | _a9780590634748 | ||
| 040 |
_aDLC _cDLC _dDLC _beng |
||
| 050 | 0 | 0 |
_aHV1624.B65 _bF74 1997 |
| 082 | 0 | 0 |
_a686.2/82/092 _aB _220 |
| 100 | 1 | _aFreedman, Russell. | |
| 245 | 1 | 0 |
_aOut of darkness : _bthe story of Louis Braille / _cby Russell Freedman ; illustrated by Kate Kiesler. |
| 250 | _aFirst Scholastic printing, September 1998 | ||
| 260 |
_aNew York : _bScholastic, _c1997 |
||
| 300 |
_a81 pages : _billustrations ; _c20 cm |
||
| 520 | _aA biography of the nineteenth-century Frenchman who, having been blinded himself at the age of three, went on to develop a system of raised dots on paper that enabled blind people to read and write. | ||
| 600 | 1 | 0 |
_aBraille, Louis, _d1809-1852 _xJuvenile literature. |
| 600 | 1 | 1 |
_aBraille, Louis, _d1809-1852. |
| 650 | 0 |
_aBlind teachers _zFrance _xBiography _xJuvenile literature. |
|
| 650 | 0 |
_aBraille _xJuvenile literature. |
|
| 650 | 1 | _aBlind. | |
| 650 | 1 | _aTeachers. | |
| 650 | 1 | _aPeople with disabilities. | |
| 650 | 1 | _aBraille. | |
| 700 | 1 |
_aKiesler, Kate,, _eillustrator |
|
| 906 |
_a7 _bcbc _corignew _d1 _eocip _f19 _gy-gencatlg |
||
| 942 |
_2ddc _cBK _n0 |
||
| 999 |
_c2924 _d2924 |
||